[Event "Mogliano Veneto op-C 32nd"]
[Site "Mogliano Veneto"]
[Date "2011.04.30"]
[Round "3"]
[White "Vannini, Daniele"]
[Black "Simonetto, Andrea"]
[Result "1-0"]
[WhiteElo "1434"]
[BlackElo "1458"]
[PlyCount "61"]
[EventDate "2011.04.29"]
[EventType "swiss"]
[EventRounds "5"]
[EventCountry "ITA"]
[SourceTitle "EXT 2024"]
[Source "ChessBase"]
[SourceDate "2023.10.10"]
[SourceVersion "1"]
[SourceVersionDate "2023.10.10"]
[SourceQuality "1"]

1. e4 e5 2. Bc4 Nc6 3. Nf3 Bc5 4. c3 Nf6 5. d3 d6 6. h3 Be6 7. Bb3 Qd7 8. Bxe6 fxe6 9. 0-0 h6 10. b4 Bb6 11. a4 a6 12. Be3 Bxe3 13. fxe3 d5 14. exd5 exd5 15. Qe2 0-0-0 16. b5 Nb8 17. bxa6 Nxa6 18. Nxe5 Qe6 19. d4 Ne4 20. Qe1 Rhf8 21. Na3 g5 22. c4 dxc4 23. Naxc4 Rf6 24. Rxf6 Qxf6 25. Nd2 Nd6 26. Qe2 c5 27. Rc1 b6 28. Qxa6+ Kc7 29. Qa7+ Kc8 30. Qxb6 h5 31. Rxc5# 1-0

[Event "Mogliano Veneto op-C 32nd"]
[Site "Mogliano Veneto"]
[Date "2011.04.29"]
[Round "1"]
[White "Vannini, Daniele"]
[Black "Licandro, Michele"]
[Result "0-1"]
[WhiteElo "1434"]
[BlackElo "1508"]
[PlyCount "22"]
[EventDate "2011.04.29"]
[EventType "swiss"]
[EventRounds "5"]
[EventCountry "ITA"]
[SourceTitle "EXT 2024"]
[Source "ChessBase"]
[SourceDate "2023.10.10"]
[SourceVersion "1"]
[SourceVersionDate "2023.10.10"]
[SourceQuality "1"]

1. e4 c5 2. d3 Nc6 3. Nf3 d6 4. h3 g6 5. Be3 Nf6 6. Be2 Bg7 7. Nc3 0-0 8. Qd2 Re8 9. 0-0 b6 10. Nh2 Bb7 11. f4 e6 0-1

[Event "Mogliano Veneto op-C 31st"]
[Site "Mogliano Veneto"]
[Date "2010.05.02"]
[Round "5"]
[White "Vannini, Daniele"]
[Black "Marton, Massimiliano"]
[Result "0-1"]
[WhiteElo "1440"]
[BlackElo "1535"]
[PlyCount "64"]
[EventDate "2010.04.30"]
[EventType "swiss"]
[EventRounds "5"]
[EventCountry "ITA"]
[SourceTitle "EXT 2023"]
[Source "ChessBase"]
[SourceDate "2022.10.05"]
[SourceVersion "1"]
[SourceVersionDate "2022.10.05"]
[SourceQuality "1"]

1. e4 e6 2. d3 d5 3. exd5 exd5 4. h3 Nf6 5. Nf3 c5 6. c3 b6 7. Be2 Bb7 8. Bf4 Bd6 9. Bxd6 Qxd6 10. Nbd2 Nc6 11. a3 0-0 12. 0-0 Rfe8 13. Nh2 Re7 14. Re1 Rae8 15. Nhf3 Nd8 16. Bf1 Ne6 17. Qc2 a6 18. g3 b5 19. Bg2 Nh5 20. d4 c4 21. Re5 g6 22. Rae1 f6 23. R5e3 Bc8 24. Nh2 Nhg7 25. Ng4 Ng5 26. Rxe7 Rxe7 27. Rxe7 Qxe7 28. Bxd5+ Kh8 29. Bg2 Qe1+ 30. Kh2 Bf5 31. Ne4 Nxe4 32. Ne3 Nxf2 0-1